000 01497nam a22001937a 4500
999 _c61919
_d61919
003 Ge_BSU
005 20240607165649.0
008 240607s1936 ge ||||| |||| 00| 0 geo d
041 _ageo
080 _a615.89(479.22) კ-79
100 _aკოტეტიშვილი, ლადო
_922371
245 _aწიგნი სააქიმოი :
_bმედიცინა ძველ საქართველოში, XIII საუკუნე /
_c ლადო კოტეტიშვილი ; ტფ. საბჭ. ჯან-განის და ჯან. სახ. კომ-ის სანიტ.-ჰიგ. ინ-ტი, ხალხური მედიცინის კაბინეტი.
264 _aტფილისი :
_bსახელგამის სამეცნ. სექტორის გა-მა,
_c1936.
300 _a382 გვ. ;
_b27 სმ.
500 _aდამატებითი თავფურცელი რუსულ და ფრანგულ ენებზე.
501 _aწინასიტყვაობა ქართულ და ფრანგულ ენებზე. დანართი: ლექსიკონი, პირთა სახელების საძიებელი და ავადმყოფთა საძიებელი (297-376 გვ.).
653 _aქართული ხალხური მედიცინა
942 _2udc
_cᲬᲘᲒᲜᲘ